00368nam a2200121Ia 4500008004100000041001200041100001300053245009100066260005000157300000800207650001500215700001600230221030s9999 xx 000 0 und d aEnglish aB. Singh 0aGeneral Studies Volume II : History of India & Indian Politycby B. Singh, A. P. Singh bMade Easy Engg. India CentreaNew Delhic2010 a191 aBb General aA. P. Singh